Ekonomika územního rozvoje
Salvato in:
| Autore principale: | |
|---|---|
| Altri autori: | |
| Natura: | Libro |
| Lingua: | ceco |
| Pubblicazione: |
Praha
GRADA
2000
|
| Serie: | Města a obce
|
| Soggetti: | |
| Tags: |
Nessun Tag, puoi essere il primo ad aggiungerne!!
|
MARC
| LEADER | 00000nam a2200000 4500 | ||
|---|---|---|---|
| 001 | c124326 | ||
| 005 | 20240226085652.9 | ||
| 020 | |a 80-7169-644-7 | ||
| 041 | 0 | |a cze | |
| 044 | |a CZ | ||
| 245 | 1 | 0 | |a Ekonomika územního rozvoje |c Karel Maier, Jiří Čtyroký |
| 264 | 1 | |a Praha |b GRADA |c 2000 | |
| 300 | |a 142 s. | ||
| 490 | 1 | |a Města a obce | |
| 830 | 0 | |a Města a obce | |
| 610 | 2 | 0 | |a rozvoj územný |
| 610 | 2 | 0 | |a rozvoj regionálny |
| 610 | 2 | 0 | |a ekonomika regionálna |
| 610 | 2 | 0 | |a prostredie životné |
| 610 | 2 | 0 | |a mestá |
| 610 | 2 | 0 | |a urbanizácia |
| 610 | 2 | 0 | |a nehnuteľnosti |
| 610 | 2 | 0 | |a investície verejné |
| 610 | 2 | 0 | |a projekty |
| 100 | 1 | |a Maier, Karel | |
| 700 | 1 | |a Čtyroký, Jiří | |